000
00170 a2200097 4500
020
_a
041
_a
spa
100
_a
Hoeksema
245
_a
Todo el que quiera
942
_c
BK
999
_c
9243
_d
9243